|
|
|
|
| LEADER |
00000nab a2200000Ia 4500 |
| 001 |
vtls010817004 |
| 003 |
SK-MaSNL |
| 005 |
20260426071829.0 |
| 008 |
230218|2012 xo |||||||||||||||||slo| |
| 035 |
|
|
|a (urnnbn)urn:nbn:sk:snk:ar-a05hk1
|
| 035 |
|
|
|a urn:nbn:sk:snk-ab5l90
|
| 035 |
|
|
|a (uuid)c7d080f4-550b-4d62-af75-caa40c3b4611
|
| 040 |
|
|
|a SNKBUCL
|b slo
|c SNKBUCL
|e AACR2
|
| 041 |
0 |
|
|a slo
|
| 044 |
|
|
|a xo
|c SK
|
| 080 |
|
|
|a 330.35
|2 2001
|
| 080 |
|
|
|a (437.6)
|2 2001
|
| 100 |
1 |
|
|a Okáli, Ivan,
|d 1929-
|4 aut
|9 117216
|
| 245 |
1 |
0 |
|a Zrýchlenie rastu ekonomiky sa znovu odkladá na neurčito :
|b Aktualizácia výhľadu vývoja slovenskej ekonomiky do roku 2013
|c Ivan Okáli, Ivana Šikulová, Karol Morvay
|
| 504 |
|
|
|a Bibliogr. odkazy
|
| 648 |
|
7 |
|a 2007-2013
|2 SNK
|9 328536
|
| 650 |
0 |
7 |
|a ekonomický rast
|2 SNKPH
|9 2146
|
| 650 |
0 |
7 |
|a ekonomika
|2 SNKPH
|9 789
|
| 651 |
|
7 |
|a Slovensko
|2 SNKPH
|9 14231
|
| 700 |
1 |
|
|a Šikulová, Ivana,
|d 1978-
|4 aut
|9 25517
|
| 700 |
1 |
|
|a Morvay, Karol,
|d 1973-
|4 aut
|9 14372
|
| 773 |
0 |
|
|t Ekonomický časopis : časopis pre ekonomickú teóriu, hospodársku politiku, spoločensko-ekonomické prognózovanie
|g Roč. 60, č. 9 (2012), s. 967-980
|
| 954 |
|
|
|a odborná, vedecká literatúra pôvodná (slovenská)
|2 lita
|
| 958 |
|
|
|a NB
|
| 958 |
|
|
|a OND
|
| 958 |
|
|
|a EUIPO
|
| 958 |
|
|
|a article5
|
| 999 |
|
|
|c 2682521
|d 2684451
|